000 00746nam a2200193 4500
001 112813
003 ES-MaACL
005 20230906185635.0
007 t|
008 061121s1924 sp r ||||1| spa d
100 1 _aMurillo Ubeda, Ricardo.
_984596
245 1 0 _aColoides (curso elemental)
_b: conferencias teórico-prácticas /
_cpor Ricardo Murillo Úbeda y Eulogio Muñoz Cortázar.
260 _aMadrid :
_bImp. del Patronato de Huérfanos de los Cuerpos de Intendencia e Intervención Militares,
_c1924.
300 _aVIII, 144 p. ;
_c23 cm.
650 0 0 _aColoides.
_911147
700 1 _aMuñoz Cortazar, Eulogio.
_984378
710 2 _aPatronato de Huérfanos de Intendencia e Intervención Militares.
_96172
852 _aES-MaACL
_jE-859
999 _c112813
_d112813